|
|
|
|
| LEADER |
00000nam a22000007a 4500 |
| 005 |
20220914002136.0 |
| 007 |
cr|||| |||| |
| 008 |
220914s2010 us |||||s|||| 00||0 eng d |
| 020 |
|
|
|a 978-1-5876-153-1
|
| 035 |
|
|
|a 36351
|
| 040 |
|
|
|a vLex
|
| 090 |
|
|
|c 13901
|d 13901
|
| 100 |
1 |
|
|a Reitze, Jr., Arnold W.
|
| 245 |
1 |
0 |
|a Air pollution control and climate change mitigation law
|h [Recurso electrn̤ico] /
|c Arnold W. Reitze, Jr.
|
| 256 |
|
|
|a Servicio en ln̕ea
|
| 260 |
|
|
|a Washington DC:
|b Environmental Law Institute,
|c 2010
|
| 300 |
|
|
|a 1 recurso electrn̤ico
|
| 500 |
|
|
|a The most comprehensive, up-to-date guide to and analysis of the Clean Air Act (CAA) is now available from the Environmental Law Institute. Authored by George Washington University Law School Prof. Arnold W. Reitze, Jr., one of the most noted authorities on the Act, this second edition of Air Pollution Control Law explains the legislative provisions, regulatory requirements, and court decisions that constitute the body of air pollution control law. In twenty detailed chapters, with more than twenty thousand useful references, Professor Reitze provides a thorough, understandable guide to the legal, technical, scientific, and policy issues surrounding the CAA. No other book so thoroughly summarizes in one volume the complex yet vitally important maze of statutory provisions, regulations, and permitting requirements that characterize CAA implementation. The book includes completely up-to-date discussions of current controversial issues such as greenhouse gas controls, utility emission regulation, the "grandfathering" of existing facilities, and mobile source emissions. The book is designed and organized both to facilitate an understanding of the Act and its requirements and to provide guidance on methods of compliance and enforcement
|
| 506 |
1 |
|
|a Disponible solo en los productos indicados
|d vLex Global
|d vLex Global (Academic Edition, excluding Law Schools)
|d vLex Global (Academic Edition, Law Schools)
|
| 650 |
0 |
4 |
|a Derecho del Medio Ambiente
|z Estados Unidos
|
| 740 |
0 |
|
|a vLex Libros (Servicio en ln̕ea)
|
| 856 |
4 |
0 |
|u https://app.vlex.com/#/sources/36351
|z Acceso restringido
|
| 942 |
|
|
|c BOOK
|
| 999 |
0 |
|
|a Environmental Law
|